[Event "GRE-chT 39th"]
[Site "Eretria"]
[Date "2011.07.04"]
[Round "3.16"]
[White "Balaskas, Panayotis"]
[Black "Psaras, Stilianos"]
[Result "1-0"]
[WhiteElo "2043"]
[BlackElo "2098"]
[PlyCount "81"]
[EventDate "2011.07.03"]
[EventType "team-swiss"]
[EventRounds "7"]
[EventCountry "GRE"]
[SourceTitle "CBM 143 Extra"]
[Source "ChessBase"]
[SourceDate "2011.08.29"]
[SourceVersion "1"]
[SourceVersionDate "2011.08.29"]
[SourceQuality "1"]
[WhiteTeam "Amfissa Chess Union"]
[BlackTeam "Peiraikos"]
[WhiteTeamCountry "GRE"]
[BlackTeamCountry "GRE"]

1. e4 e6 2. d4 d5 3. Nd2 Nf6 4. e5 Nfd7 5. Bd3 c5 6. c3 Nc6 7. Ne2 cxd4 8. cxd4 f6 9. f4 Qb6 10. 0-0 Nxd4 11. Kh1 f5 12. Nxd4 Qxd4 13. Nb3 Qb6 14. Qe2 Be7 15. Be3 Qd8 16. Rac1 0-0 17. g4 b6 18. gxf5 exf5 19. Bd4 Nc5 20. Nxc5 bxc5 21. Bxc5 Bxc5 22. Rxc5 Bb7 23. Rfc1 d4+ 24. Kg1 Qb6 25. Kf1 Qh6 26. Qf2 Be4 27. Rd1 Rab8 28. b3 Qh3+ 29. Ke2 Qg4+ 30. Ke1 Rbc8 31. Bc4+ Kh8 32. Rxc8 Rxc8 33. Rxd4 Qg6 34. Rd7 Bc6 35. Rxa7 Rd8 36. Qg3 Qh6 37. Qg5 Qxg5 38. fxg5 Re8 39. e6 h6 40. g6 Bf3 41. e7 1-0

[Event "Ambelokipi op 113th"]
[Site "Athens"]
[Date "2011.05.18"]
[Round "4"]
[White "Psaras, Stilianos"]
[Black "Michailidis, Dimitrios"]
[Result "1-0"]
[WhiteElo "2098"]
[BlackElo "1818"]
[PlyCount "78"]
[EventDate "2011.05.07"]
[EventType "swiss"]
[EventRounds "7"]
[EventCountry "GRE"]
[SourceTitle "EXT 2024"]
[Source "ChessBase"]
[SourceDate "2023.10.10"]
[SourceVersion "1"]
[SourceVersionDate "2023.10.10"]
[SourceQuality "1"]

1. d4 Nf6 2. c4 c5 3. d5 b5 4. cxb5 a6 5. e3 g6 6. Nc3 d6 7. bxa6 Bg7 8. Bb5+ Nbd7 9. Nge2 0-0 10. h4 Bxa6 11. Bxa6 Rxa6 12. Nf4 h5 13. 0-0 Qb6 14. Qe2 Rfa8 15. a3 Ne5 16. Rb1 Qb3 17. Qd1 Rb6 18. Qe2 Rab8 19. Ra1 Nfd7 20. a4 Nc4 21. a5 Ra6 22. Ra3 Nxa3 23. Qxa6 Nc4 24. Nfe2 Qb4 25. f4 Nxa5 26. f5 Nc4 27. fxg6 fxg6 28. Nf4 Nde5 29. Qa7 Qb7 30. Qa2 Kh7 31. Ne4 Qb3 32. Qb1 Rf8 33. Ng5+ Kg8 34. Re1 Rf6 35. Nxh5 gxh5 36. Qh7+ Kf8 37. Ne6+ Ke8 38. Qxg7 Ng6 39. Qg8+ Nf8 1-0

[Event "Ambelokipi op 113th"]
[Site "Athens"]
[Date "2011.05.14"]
[Round "3"]
[White "Patrinos, Ilias"]
[Black "Psaras, Stilianos"]
[Result "0-1"]
[WhiteElo "1693"]
[BlackElo "2098"]
[PlyCount "60"]
[EventDate "2011.05.07"]
[EventType "swiss"]
[EventRounds "7"]
[EventCountry "GRE"]
[SourceTitle "EXT 2024"]
[Source "ChessBase"]
[SourceDate "2023.10.10"]
[SourceVersion "1"]
[SourceVersionDate "2023.10.10"]
[SourceQuality "1"]

1. d4 e6 2. Nf3 d5 3. Bg5 f6 4. Bf4 c5 5. c3 Nc6 6. e3 Qb6 7. Qb3 c4 8. Qxb6 axb6 9. Nbd2 b5 10. Be2 b4 11. 0-0 g5 12. Bg3 h5 13. h3 b5 14. e4 Rh7 15. Rfe1 Kd8 16. Rec1 h4 17. Bh2 Rha7 18. b3 bxc3 19. Rxc3 Rxa2 20. Rxa2 Rxa2 21. Rc1 Bb4 22. exd5 exd5 23. Nxc4 bxc4 24. Kf1 cxb3 25. Rxc6 Ra1+ 26. Bd1 Rxd1+ 27. Ke2 b2 28. Kxd1 b1Q+ 29. Ke2 Qe4+ 30. Kf1 Qd3+ 0-1

[Event "Glyfada New Year op"]
[Site "Glyfada"]
[Date "2011.01.08"]
[Round "6"]
[White "Psaras, Stilianos"]
[Black "Kamenets, Anatolij"]
[Result "0-1"]
[WhiteElo "2132"]
[BlackElo "2271"]
[PlyCount "70"]
[EventDate "2011.01.02"]
[EventType "swiss"]
[EventRounds "7"]
[EventCountry "GRE"]
[SourceTitle "EXT 2024"]
[Source "ChessBase"]
[SourceDate "2023.10.10"]
[SourceVersion "1"]
[SourceVersionDate "2023.10.10"]
[SourceQuality "1"]

1. d4 g6 2. c4 Bg7 3. Nc3 d6 4. e4 Nc6 5. Nge2 e5 6. d5 Nce7 7. Ng3 h5 8. h4 c5 9. Be2 a6 10. Bd2 Bd7 11. Qc2 Rb8 12. a4 b6 13. Ra3 Nc8 14. Nf1 Bh6 15. g3 Kf8 16. Nh2 Kg7 17. Nf3 Bxd2+ 18. Qxd2 Nh6 19. 0-0 Rf8 20. a5 b5 21. cxb5 axb5 22. a6 b4 23. a7 Ra8 24. Ra6 bxc3 25. Qxc3 Rxa7 26. Rfa1 Rb7 27. Ng5 Qe7 28. f4 f6 29. fxe5 Qxe5 30. Qxe5 fxe5 31. Ra8 Rxb2 32. R8a7 Nxa7 33. Rxa7 Rxe2 34. Ne6+ Kg8 35. Rxd7 Nf7 0-1

[Event "Glyfada New Year op"]
[Site "Glyfada"]
[Date "2011.01.05"]
[Round "4"]
[White "Psaras, Stilianos"]
[Black "Kosmidis, Konstantinos"]
[Result "1/2-1/2"]
[WhiteElo "2132"]
[BlackElo "1649"]
[PlyCount "120"]
[EventDate "2011.01.02"]
[EventType "swiss"]
[EventRounds "7"]
[EventCountry "GRE"]
[SourceTitle "EXT 2024"]
[Source "ChessBase"]
[SourceDate "2023.10.10"]
[SourceVersion "1"]
[SourceVersionDate "2023.10.10"]
[SourceQuality "1"]

1. d4 d5 2. c4 e6 3. Nc3 Nf6 4. Nf3 Be7 5. Bf4 0-0 6. e3 a6 7. Rc1 dxc4 8. Bxc4 b5 9. Bb3 Bb7 10. 0-0 Nbd7 11. Qe2 c5 12. dxc5 Nxc5 13. Rfd1 Qb6 14. Bc2 Rfd8 15. Be5 b4 16. Rxd8+ Rxd8 17. Na4 Nxa4 18. Bxa4 Rc8 19. Rxc8+ Bxc8 20. Qc4 Qc5 21. Qxc5 Bxc5 22. Kf1 Ng4 23. Bc6 Nxe5 24. Nxe5 a5 25. Bb5 f6 26. Nc4 a4 27. Bxa4 Ba6 28. Bb3 e5 29. Ke1 Bxc4 30. Bxc4+ Kf8 31. Kd2 Ke7 32. Kd3 f5 33. Bg8 h6 34. Kc4 Kd6 35. Bh7 f4 36. exf4 exf4 37. f3 Kc6 38. Be4+ Kb6 39. Bg6 Be7 40. Kd5 Bf6 41. Ke4 Bxb2 42. Kxf4 Kc5 43. Bf7 Kd6 44. Kf5 Ke7 45. Bb3 Kf8 46. g3 Bc3 47. f4 Bb2 48. g4 Bc3 49. h4 Bb2 50. Ke6 Bf6 51. g5 hxg5 52. fxg5 Bc3 53. Kf5 Bb2 54. Ke4 Bc3 55. Kd3 Be1 56. h5 Bh4 57. h6 gxh6 58. gxh6 Bg5 59. h7 Kg7 60. Bg8 Kh8 1/2-1/2

[Event "Athens Glyfada op"]
[Site "Athens"]
[Date "2006.12.31"]
[Round "7"]
[White "Androni, Konstantina"]
[Black "Psaras, Stilianos"]
[Result "1-0"]
[WhiteElo "1809"]
[BlackElo "2241"]
[PlyCount "69"]
[EventDate "2006.12.22"]
[EventType "swiss"]
[EventRounds "7"]
[EventCountry "GRE"]
[SourceTitle "EXT 2024"]
[Source "ChessBase"]
[SourceDate "2023.10.10"]
[SourceVersion "1"]
[SourceVersionDate "2023.10.10"]
[SourceQuality "1"]

1. d4 c5 2. e3 g6 3. Nf3 Bg7 4. c3 b6 5. Bd3 Nf6 6. Nbd2 0-0 7. 0-0 Bb7 8. Qe2 Nc6 9. Re1 Rc8 10. Ba6 Bxa6 11. Qxa6 Qc7 12. dxc5 bxc5 13. e4 d6 14. Nf1 Qd7 15. Bg5 Ne8 16. Rad1 Nc7 17. Qe2 h6 18. Be3 Qe6 19. e5 Nxe5 20. Bxc5 Nxf3+ 21. Qxf3 Qxa2 22. Rxe7 dxc5 23. Rdd7 Ne8 24. Rxa7 Qxb2 25. Rxf7 Rxf7 26. Qxf7+ Kh7 27. Re7 Qb5 28. Re6 Rd8 29. Qxg6+ Kh8 30. Re7 c4 31. h4 Qb8 32. Ne3 Qb5 33. Nf5 Qb8 34. g3 Qa8 35. Rxe8+ 1-0

[Event "Athens Akropolis op"]
[Site "Athens"]
[Date "1997.??.??"]
[Round "8"]
[White "Kofidis, Andreas"]
[Black "Psaras, Stilianos"]
[Result "1-0"]
[WhiteElo "2395"]
[BlackElo "2240"]
[PlyCount "73"]
[EventDate "1997.??.??"]
[EventType "swiss"]
[EventRounds "9"]
[EventCountry "GRE"]
[SourceTitle "EXT 2001"]
[Source "ChessBase"]
[SourceDate "2000.11.22"]
[SourceVersion "1"]
[SourceVersionDate "2000.11.22"]
[SourceQuality "1"]

1. d4 e6 2. c4 Nf6 3. Nf3 d5 4. e3 c6 5. Nbd2 Be7 6. Bd3 0-0 7. 0-0 Nbd7 8. b3 b6 9. Bb2 Bb7 10. Rc1 Qb8 11. Qe2 Re8 12. Ne5 Nxe5 13. dxe5 Nd7 14. f4 g6 15. e4 Bb4 16. cxd5 cxd5 17. exd5 Bxd5 18. Ne4 Qb7 19. Ba6 Qb8 20. Bb5 Bxe4 21. Qxe4 Bc5+ 22. Kh1 Rd8 23. Bc6 a5 24. Bxa8 Qxa8 25. Qxa8 Rxa8 26. Rfd1 Ra7 27. Bd4 Kg7 28. Bxc5 Nxc5 29. g3 g5 30. Kg2 g4 31. Kf2 Kg6 32. Ke3 Kf5 33. Rd8 h6 34. h3 Rd7 35. Rxd7 Nxd7 36. hxg4+ Kxg4 37. Rc7 1-0

[Event "Athens Akropolis op"]
[Site "Athens"]
[Date "1997.??.??"]
[Round "6"]
[White "Yilmaz, Turhan"]
[Black "Psaras, Stilianos"]
[Result "1-0"]
[WhiteElo "2390"]
[BlackElo "2240"]
[PlyCount "83"]
[EventDate "1997.??.??"]
[EventType "swiss"]
[EventRounds "9"]
[EventCountry "GRE"]
[SourceTitle "EXT 2001"]
[Source "ChessBase"]
[SourceDate "2000.11.22"]
[SourceVersion "1"]
[SourceVersionDate "2000.11.22"]
[SourceQuality "1"]

1. e4 e6 2. d4 d5 3. e5 c5 4. c3 Nc6 5. Nf3 Bd7 6. a3 Qb6 7. b4 cxd4 8. cxd4 Rc8 9. Bb2 Nxb4 10. axb4 Qxb4+ 11. Qd2 Rc2 12. Bc3 Qb3 13. Qe3 Bb4 14. Bxb4 Qxb4+ 15. Nbd2 Qb2 16. Rd1 Rc3 17. Qg5 Ba4 18. Be2 Bxd1 19. Bxd1 Ne7 20. 0-0 Nf5 21. h4 h6 22. Qf4 b5 23. Be2 a6 24. g4 g5 25. hxg5 hxg5 26. Nxg5 Nh6 27. Kg2 Rc1 28. Nde4 Rc6 29. Nf6+ Kd8 30. Bf3 Qa3 31. Rh1 b4 32. Nfh7 Kc8 33. Qf6 Rd8 34. Rxh6 b3 35. Nxf7 Rd7 36. Nf8 Qxf8 37. Nd6+ Qxd6 38. exd6 b2 39. Qxe6 Rcxd6 40. Rh8+ Kc7 41. Qf5 Rb6 42. Qc2+ 1-0

[Event "Athens Akropolis op"]
[Site "Athens"]
[Date "1997.??.??"]
[Round "4"]
[White "Zamit, Spyridon"]
[Black "Psaras, Stilianos"]
[Result "0-1"]
[WhiteElo "2210"]
[BlackElo "2230"]
[PlyCount "70"]
[EventDate "1997.??.??"]
[EventType "swiss"]
[EventRounds "9"]
[EventCountry "GRE"]
[SourceTitle "EXT 2001"]
[Source "ChessBase"]
[SourceDate "2000.11.22"]
[SourceVersion "1"]
[SourceVersionDate "2000.11.22"]
[SourceQuality "1"]

1. e4 e6 2. d4 d5 3. exd5 exd5 4. Bd3 c6 5. Nf3 Nf6 6. 0-0 Be6 7. Ng5 Bd6 8. Nxe6 fxe6 9. Qe2 Kf7 10. Re1 Re8 11. Bg5 Nbd7 12. Bxh7 e5 13. Nd2 g6 14. Qd3 e4 15. Qb3 Qc7 16. Bxg6+ Kxg6 17. h4 Bf4 18. Nf1 Rh8 19. Bxf4 Qxf4 20. g3 Qc7 21. Ne3 Rag8 22. Ng2 Ng4 23. c4 Ndf6 24. cxd5 cxd5 25. Nf4+ Kh6 26. Nxd5 Nxd5 27. Qxd5 Nxf2 28. Re3 Rxg3+ 29. Rxg3 Qxg3+ 30. Kf1 Qh3+ 31. Kxf2 Rf8+ 32. Kg1 Qg3+ 33. Kh1 Qxh4+ 34. Kg1 Qg3+ 35. Kh1 Rh8 0-1

[Event "Peristeri op 2nd"]
[Site "Peristeri"]
[Date "1995.??.??"]
[Round "3"]
[White "Psaras, Stilianos"]
[Black "Tsomis, Dimitrios"]
[Result "1-0"]
[WhiteElo "2225"]
[BlackElo "2295"]
[PlyCount "73"]
[EventDate "1995.??.??"]
[EventType "swiss"]
[EventRounds "7"]
[EventCountry "GRE"]
[SourceTitle "EXT 2004"]
[Source "ChessBase"]
[SourceDate "2003.11.25"]
[SourceVersion "1"]
[SourceVersionDate "2003.11.25"]
[SourceQuality "1"]

1. d4 Nf6 2. c4 e6 3. Nc3 Bb4 4. f3 d5 5. a3 Bxc3+ 6. bxc3 Nbd7 7. cxd5 exd5 8. e3 0-0 9. Bd3 Re8 10. Ne2 b6 11. 0-0 Bb7 12. Ng3 c5 13. Ra2 Rc8 14. Bf5 Qc7 15. e4 dxe4 16. fxe4 cxd4 17. cxd4 g6 18. Bxd7 Nxd7 19. Qf3 Qc4 20. Raf2 f5 21. Nxf5 gxf5 22. Qg3+ Kh8 23. Bb2 Bd5 24. exd5 Re2 25. Rc1 Qxc1+ 26. Bxc1 Rxc1+ 27. Rf1 Rcc2 28. Rxf5 Rc1+ 29. Rf1 Rxf1+ 30. Kxf1 Re7 31. Qg5 Rf7+ 32. Ke2 a5 33. d6 Rf6 34. Kd3 h6 35. Qh5 Nf8 36. Qe8 Kg7 37. d7 1-0

[Event "Azov"]
[Site "Azov"]
[Date "1993.??.??"]
[Round "?"]
[White "Nielsen, Peter Heine"]
[Black "Psaras, Stilianos"]
[Result "1-0"]
[WhiteElo "2465"]
[BlackElo "2210"]
[PlyCount "65"]
[EventDate "1993.??.??"]
[EventType "tourn"]
[EventRounds "11"]
[EventCountry "RUS"]
[EventCategory "8"]
[SourceTitle "CBM 037 Extra"]
[Source "ChessBase"]
[SourceDate "1994.01.01"]
[SourceVersion "1"]
[SourceVersionDate "1994.01.01"]
[SourceQuality "1"]

1. e4 e6 2. d4 d5 3. Nd2 Nf6 4. e5 Nfd7 5. c3 c5 6. Bd3 Nc6 7. Ne2 cxd4 8. cxd4 f6 9. exf6 Nxf6 10. Nf3 Bd6 11. Bf4 0-0 12. 0-0 Qc7 13. Bxd6 Qxd6 14. Re1 g6 15. Bb5 Ne4 16. Bxc6 bxc6 17. Nc3 Qf4 18. Qe2 Rb8 19. Rac1 Rb4 20. a3 Rc4 21. Qe3 Ba6 22. Nxe4 dxe4 23. Ne5 Rxc1 24. Rxc1 Qh4 25. Rxc6 Bb7 26. Rc7 Bd5 27. Qg3 Qh6 28. Qe3 Qh5 29. h3 a5 30. Ng4 Qh4 31. b4 axb4 32. axb4 g5 33. b5 1-0

[Event "GRE-ch"]
[Site "Serres"]
[Date "1990.??.??"]
[Round "11"]
[White "Psaras, Stilianos"]
[Black "Pandavos, Emanouel"]
[Result "0-1"]
[WhiteElo "2270"]
[BlackElo "2370"]
[PlyCount "76"]
[EventDate "1990.??.??"]
[EventType "tourn"]
[EventRounds "15"]
[EventCountry "GRE"]
[EventCategory "3"]
[SourceTitle "EXT 1997"]
[Source "ChessBase"]
[SourceDate "1996.11.15"]
[SourceVersion "1"]
[SourceVersionDate "1996.11.15"]
[SourceQuality "1"]

1. d4 Nf6 2. c4 e5 3. dxe5 Ng4 4. Nf3 Bc5 5. e3 Nc6 6. Nc3 Ncxe5 7. Be2 0-0 8. b3 Re8 9. Bb2 a5 10. Nxe5 Nxe5 11. a3 Ra6 12. Qd5 Bf8 13. 0-0-0 Rd6 14. Qb5 c6 15. Qa4 Rg6 16. f4 Ng4 17. f5 Rg5 18. h4 Nxe3 19. hxg5 Nxd1 20. Rxd1 Qxg5+ 21. Kb1 Qxg2 22. Qxa5 d6 23. Bd3 h5 24. f6 g6 25. Qb6 Qf3 26. Bc2 h4 27. Qd4 h3 28. Qh4 Bf5 29. Bxf5 Qxf5+ 30. Ka2 Qf3 31. Rg1 Re3 32. Nd1 Rxb3 33. Rxg6+ fxg6 34. f7+ Kxf7 35. Qh7+ Ke8 36. Qxg6+ Kd7 37. Nc3 Rxb2+ 38. Kxb2 Qg2+ 0-1

[Event "GRE-ch"]
[Site "Serres"]
[Date "1990.??.??"]
[Round "2"]
[White "Termentzoglou, K."]
[Black "Psaras, Stilianos"]
[Result "0-1"]
[WhiteElo "2200"]
[BlackElo "2270"]
[PlyCount "136"]
[EventDate "1990.??.??"]
[EventType "tourn"]
[EventRounds "15"]
[EventCountry "GRE"]
[EventCategory "3"]
[SourceTitle "EXT 1997"]
[Source "ChessBase"]
[SourceDate "1996.11.15"]
[SourceVersion "1"]
[SourceVersionDate "1996.11.15"]
[SourceQuality "1"]

1. e4 e6 2. d4 d5 3. Nc3 Bb4 4. Qd3 dxe4 5. Qxe4 Nf6 6. Qh4 Qd5 7. Bd2 Bxc3 8. bxc3 c5 9. Nf3 Nc6 10. c4 Qe4+ 11. Qxe4 Nxe4 12. Be3 cxd4 13. Nxd4 Nxd4 14. Bxd4 0-0 15. Bd3 Rd8 16. Be3 Nd6 17. Rd1 e5 18. Bxh7+ Kxh7 19. c5 Be6 20. cxd6 b6 21. 0-0 Rac8 22. Rd2 Rc3 23. Re1 Rd7 24. f4 e4 25. Bd4 Ra3 26. Rxe4 Rxd6 27. c3 Bxa2 28. g4 Bc4 29. Re1 a5 30. Rb2 Rb3 31. Rxb3 Bxb3 32. Kf2 a4 33. Rb1 b5 34. f5 Bc4 35. Ra1 Rd7 36. h3 Re7 37. Be3 Re4 38. Kf3 Bd5 39. Kf2 Rc4 40. Bd4 Bc6 41. Ke3 Bd5 42. Rb1 a3 43. Rxb5 Bc6 44. Rb1 Bd5 45. Ra1 Ra4 46. Bc5 a2 47. Bb4 Ra8 48. h4 Bb3 49. Kd2 Bc4 50. Kc2 Re8 51. Kb2 Re2+ 52. Ka3 Re4 53. g5 Rxh4 54. Be7 Rh2 55. f6 g6 56. Bd6 Rh4 57. Bg3 Rh3 58. Be5 Kg8 59. Kb4 Be6 60. Ka3 Re3 61. Bd4 Rg3 62. Rh1 Rxg5 63. Kb4 Rg2 64. c4 Rg4 65. Kc3 Bf5 66. Be5 Re4 67. Bd6 Re2 68. Bf8 Bb1 0-1

[Event "Athens Akropolis op"]
[Site "Athens"]
[Date "1989.??.??"]
[Round "?"]
[White "Psaras, Stilianos"]
[Black "Trikaliotis, Georgios"]
[Result "0-1"]
[WhiteElo "2265"]
[BlackElo "2215"]
[PlyCount "67"]
[EventDate "1989.??.??"]
[EventType "swiss"]
[EventRounds "9"]
[EventCountry "GRE"]
[SourceTitle "EXT 1997"]
[Source "ChessBase"]
[SourceDate "1996.11.15"]
[SourceVersion "1"]
[SourceVersionDate "1996.11.15"]
[SourceQuality "1"]

1. d4 Nf6 2. c4 c5 3. d5 b5 4. Nf3 g6 5. Nbd2 Bg7 6. e4 d6 7. Bd3 0-0 8. 0-0 Nbd7 9. h3 bxc4 10. Nxc4 Nb6 11. Ne3 Rb8 12. a4 e5 13. Bd2 Nh5 14. a5 Na8 15. Nc4 Nc7 16. Re1 Na6 17. Bf1 Nb4 18. g3 Qe7 19. Bg5 f6 20. Be3 Bd7 21. Qd2 Bb5 22. Na3 Bxf1 23. Rxf1 f5 24. exf5 gxf5 25. Bg5 Qd7 26. Nc4 f4 27. g4 h6 28. Bh4 e4 29. Ne1 Rbe8 30. Ra3 f3 31. gxh5 Qxh3 32. Bg3 Rf5 33. Bh2 Rg5+ 34. Bg3 0-1

[Event "Athens op"]
[Site "Athens"]
[Date "1988.??.??"]
[Round "?"]
[White "Psaras, Stilianos"]
[Black "Skalkotas, Nikolaos"]
[Result "0-1"]
[WhiteElo "2260"]
[BlackElo "2295"]
[PlyCount "66"]
[EventDate "1988.??.??"]
[EventType "swiss"]
[EventRounds "9"]
[EventCountry "GRE"]
[SourceTitle "EXT 2001"]
[Source "ChessBase"]
[SourceDate "2000.11.22"]
[SourceVersion "1"]
[SourceVersionDate "2000.11.22"]
[SourceQuality "1"]

1. d4 Nf6 2. c4 c5 3. d5 e5 4. Nc3 d6 5. e4 g6 6. h3 Bg7 7. Nge2 a6 8. Bg5 h6 9. Be3 b5 10. Qc2 bxc4 11. g4 Nbd7 12. Ng3 Nb6 13. Be2 Nfd7 14. a4 Rb8 15. Nf1 Bf6 16. a5 Na8 17. Nd2 Nc7 18. Nxc4 Qe7 19. Qa4 Nb5 20. Nb6 Nxb6 21. axb6 Rxb6 22. b4 0-0 23. Qa5 Nxc3 24. Qxb6 Bg5 25. Ra3 Bxe3 26. Rxc3 Bd4 27. Rf3 c4 28. Qc6 c3 29. Bxa6 Bd7 30. Qc4 Qg5 31. 0-0 Bxg4 32. Rg3 Be2 33. Qxe2 Qxg3+ 0-1

[Event "Nikaia op 04th"]
[Site "Nikaia"]
[Date "1985.??.??"]
[Round "?"]
[White "Alexakis, Dimitrios"]
[Black "Psaras, Stilianos"]
[Result "1-0"]
[WhiteElo "2290"]
[BlackElo "2230"]
[PlyCount "137"]
[EventDate "1985.08.??"]
[EventType "swiss"]
[EventRounds "9"]
[EventCountry "GRE"]
[SourceTitle "MCD"]
[Source "ChessBase"]
[SourceDate "1999.07.01"]
[SourceVersion "1"]
[SourceVersionDate "1999.07.01"]
[SourceQuality "1"]

1. e4 e6 2. d4 d5 3. Nd2 Nf6 4. e5 Nfd7 5. Bd3 c5 6. c3 b6 7. Ne2 Ba6 8. Bxa6 Nxa6 9. 0-0 b5 10. f4 Qb6 11. Kh1 Nc7 12. Nf3 h6 13. Be3 c4 14. Ng3 g6 15. Qe2 b4 16. cxb4 Bxb4 17. Bd2 a5 18. Rac1 a4 19. Bc3 0-0 20. Nh4 Be7 21. Qg4 Kh7 22. f5 exf5 23. Nhxf5 Qe6 24. Ne3 Bg5 25. Rce1 Qxg4 26. Nxg4 Kg7 27. Rf3 Rab8 28. Ref1 h5 29. Ne3 Rb5 30. Nc2 Be7 31. Ne2 Ne6 32. R3f2 Ng5 33. Ng3 h4 34. Ne2 Ne4 35. Rf3 Nb6 36. Ne3 a3 37. bxa3 Bxa3 38. g3 Na4 39. Be1 hxg3 40. Nxg3 Bc1 41. Nxc4 Ng5 42. Rb3 Rxb3 43. axb3 dxc4 44. bxa4 Bb2 45. Bd2 Ne6 46. d5 c3 47. Bxc3 Bxc3 48. dxe6 fxe6 49. Rxf8 Kxf8 50. Ne4 Bxe5 51. a5 Ke7 52. a6 Bb8 53. Nc3 e5 54. Nb5 e4 55. a7 Bxa7 56. Nxa7 Ke6 57. Kg2 Kf5 58. Nc6 Kf4 59. Ne7 Kg5 60. Nd5 Kg4 61. h3+ Kf5 62. Kg3 Kg5 63. h4+ Kh5 64. Nf6+ Kh6 65. Nxe4 Kh5 66. Nf6+ Kh6 67. Kg4 Kg7 68. Kg5 Kf7 69. Ng4 1-0

[Event "Nikaia op 04th"]
[Site "Nikaia"]
[Date "1985.??.??"]
[Round "?"]
[White "Ornithopoulos, Nikolaos"]
[Black "Psaras, Stilianos"]
[Result "0-1"]
[WhiteElo "2235"]
[BlackElo "2230"]
[PlyCount "86"]
[EventDate "1985.08.??"]
[EventType "swiss"]
[EventRounds "9"]
[EventCountry "GRE"]
[SourceTitle "MCD"]
[Source "ChessBase"]
[SourceDate "1999.07.01"]
[SourceVersion "1"]
[SourceVersionDate "1999.07.01"]
[SourceQuality "1"]

1. b3 Nf6 2. Bb2 g6 3. f4 Bg7 4. Nf3 d5 5. e3 Nbd7 6. c4 c6 7. Be2 0-0 8. 0-0 Nc5 9. Ne5 Bf5 10. g4 Bxb1 11. Rxb1 e6 12. Ba3 Nfe4 13. d4 Nc3 14. Qe1 N5e4 15. Bxf8 Kxf8 16. Rc1 Nxe2+ 17. Qxe2 f6 18. Nd3 Kg8 19. Nf2 Nd6 20. Rfd1 f5 21. g5 Kf7 22. Nd3 Ne4 23. Nc5 Nd6 24. h4 Qe7 25. Nd3 Ne4 26. b4 h6 27. Nc5 Nd6 28. Kg2 hxg5 29. hxg5 b6 30. Nd3 Nxc4 31. Rxc4 dxc4 32. Nb2 b5 33. Nxc4 bxc4 34. Qxc4 Qd6 35. Rc1 Rc8 36. b5 c5 37. dxc5 Qd2+ 38. Kf3 Rh8 39. Qf1 Bb2 40. Rd1 Rh3+ 41. Qxh3 Qxd1+ 42. Kg2 Qc2+ 43. Kg3 Qxc5 0-1